| 000 | 01631nam a22002897a 4500 | ||
|---|---|---|---|
| 001 | 1192 | ||
| 005 | 20230808085503.0 | ||
| 008 | 230808b cb ||||| |||| 00| 0 khr d | ||
| 020 | _a9789924341611 | ||
| 040 |
_aFISKH _beng _cFISKH _dFISKH |
||
| 082 | _a306.875 | ||
| 100 | _aSovanrothna, Shin | ||
| 245 | _aគិរីលួងប្អូន / | ||
| 250 | _aគ្រឹះស្ថានបោះពុម្ពផ្សាយ Sipar មិថុនា ២០២២ | ||
| 260 |
_aPhnom Penh : _bSipar, _c2022. |
||
| 300 |
_a24 pages : _bcolor illustrations ; _c22 cm |
||
| 490 | _aខ្ញុំចេះអាន | ||
| 505 | _aF | ||
| 520 | _aគិរីនៅតែពីរនាក់ប្អូន ពេលប្អូនភ្ញាក់គេមិនដឹងលួងប្អូនដោយរបៀបណាទេ។ មិត្តរបស់គិរីពីរនាក់បានមកលេង ហើយពួកគេទាំងបីក៏បានព្យាយាមរកមធ្យោបាយយ៉ាងណាដើម្បីលួងប្អូនអោយបាត់យំ។ | ||
| 520 | _aKiri is alone with his little sister. When she wakes up, he doesn't know how to comfort her. Two of Kiri's friends came to visit, and the three of them tried to find a way to comfort her. | ||
| 521 |
_a300
_bLexile estimate |
||
| 521 |
_aF
_bRaz-Plus |
||
| 650 |
_aកូនង៉ា _vមិត្តភក្តិ _xរកមធ្យោបាយ |
||
| 650 |
_alittle baby _vFriend _xFind way |
||
| 700 |
_aRotha, Ouk _cillustrator |
||
| 942 |
_2ddc _cBK _n0 |
||
| 999 |
_c1192 _d1192 |
||